000 00518nam a2200181Ia 4500
005 20250326125336.0
008 250326s9999 xx 000 0 und d
037 _aTextbook
040 _aFMSL
_beng
_cFMSL
041 _aeng
_2eng
084 _aX8(A):89ZB L4
_qFMSL
100 _aSaunders J H
_9738906
245 0 _aCareers in industrial research & development
_cSaunders J H
260 _aNY
_bNY, Marcel Dekker
_c1974
300 _a254p
942 _cTB
_hX8(A):89ZB L4
999 _c1277613
_d1277613